Neustanovivšijesja elektromagnitnyje volny /

Uložené v:
Podrobná bibliografia
Hlavný autor: Borisov, Viktor Vasil´jevič (Author)
Médium: Kniha
Jazyk:Russian
Vydané: Leningrad : Izd. Leningradskogo universiteta, 1987
Vydanie:1. izd.
ISBN: (brož.)
Fyzický popis: 239 s.
Tagy: Pridať tag
Žiadne tagy, Buďte prvý kto otaguje tento záznam!

MARC

LEADER 00000nam a2200000 a 4500
001 000291007
005 20061229154646.0
008 061229s1987 ru e 000 0 ruso
020 |a (brož.) 
040 |a SVKKK  |b slo  |c SVKKK  |e AACR2 
041 0 |a rus 
044 |a ru  |c RU 
100 1 |a Borisov, Viktor Vasil´jevič  |4 aut 
245 1 0 |a Neustanovivšijesja elektromagnitnyje volny /  |c Viktor Vasil´jevič Borisov 
250 |a 1. izd. 
260 |a Leningrad :  |b Izd. Leningradskogo universiteta,  |c 1987 
300 |a 239 s. 
998 |a BK 
090 |g SCKHL  |k Sklad Pribinova 2. posch.  |a II.313808  |j 764142  |i B95116  |s Absenčne